LIBRARY & INFORMATION CENTRE, KCAET, TAVANUR

ONLINE PUBLIC ACCESS CATALOGUE (OPAC)

Cost benefit analysis:theoretical and applied critique of altemate methodologies / (Record no. 3509)

MARC details
000 -LEADER
fixed length control field 00440cam a2200145ua 4500
041 ## - LANGUAGE CODE
Language code of text/sound track or separate title eng
082 ## - DEWEY DECIMAL CLASSIFICATION NUMBER
Classification number 658.1554
Item number PUT/CO
100 ## - MAIN ENTRY--AUTHOR NAME
Personal name Puttaswamaiah, K .
245 ## - TITLE STATEMENT
Title Cost benefit analysis:theoretical and applied critique of altemate methodologies /
260 ## - PUBLICATION, DISTRIBUTION, ETC. (IMPRINT)
Place of publication New Delhi :
Name of publisher Oxford & IBH Publishing company ,
Year of publication 1984.
300 ## - PHYSICAL DESCRIPTION
Number of Pages 269 ; .
942 ## - ADDED ENTRY ELEMENTS (KOHA)
Koha item type Books
Holdings
Withdrawn status Lost status Damaged status Home library Current library Date acquired Full call number Accession Number Koha item type
      KAUAET KAUAET 28/03/1987 658.1554 PUT/CO 16317 Books
free website counter